Aufgaben und Lehrsatze aus der Analysis
Αποθηκεύτηκε σε:
| Κύριος συγγραφέας: | |
|---|---|
| Άλλοι συγγραφείς: | |
| Μορφή: | Βιβλίο |
| Γλώσσα: | German |
| Δημοσίευση: |
Berlin :
Julius Springer,
1925
|
| Σειρά: | Grundlehren der mathematischen Wissenschaften in Einzeldarstellungen mit besonderer Berucksichtigung der Anwendungsgebiete ;
; 19 |
| Θέματα: | |
| Ετικέτες: |
Προσθήκη ετικέτας
Δεν υπάρχουν, Καταχωρήστε ετικέτα πρώτοι!
|
MARC
| LEADER | 00000cam a2200000 i 4500 | ||
|---|---|---|---|
| 001 | 1/103742 | ||
| 008 | 090406s1925 ger d | ||
| 035 | |l 10104166 | ||
| 040 | |a GR-MY-UA |b gre |e aacr | ||
| 041 | 0 | |a ger | |
| 082 | 0 | |a 515 |2 (22) | |
| 100 | 1 | |a Polya, George, |d 1887-1985. | |
| 245 | 1 | 0 | |a Aufgaben und Lehrsatze aus der Analysis / |c G. Polya und G. Szego |
| 260 | |a Berlin : |b Julius Springer, |c 1925 | ||
| 300 | |a 2τ. σε 1 (xvi, 338; viii, 407 σ.); |c 23 εκ. | ||
| 490 | 1 | |a Die Grundlehren der mathematischen Wissenschaften in Einzeldarstellungen mit besonderer Berucksichtigung der Anwendungsgebiete |v ; 19 | |
| 504 | |a Περιέχει ευρετήρια | ||
| 505 | 0 | |a Τ.1 Reihen - Integralrechnung Funktionentheorie T.2 Funktionteorie - Nullstellen - Polynomie - Determinanten - Zahlentheorie | |
| 650 | 0 | 0 | |a Calculus |v Problems, exercises, etc. |
| 650 | 0 | 0 | |a Functions |x Problems, exercises, etc. |
| 650 | 0 | 0 | |a Mathematical analysis |x Problems, exercises, etc. |
| 700 | 1 | |a Szego, Gabor, |d 1895-1985. | |
| 740 | 0 | 2 | |a Reihen - Integralrechnung Funktionentheorie |
| 740 | 0 | 2 | |a Funktionteorie - Nullstellen - Polynomie - Determinanten - Zahlentheorie |
| 830 | 0 | |a Grundlehren der mathematischen Wissenschaften in Einzeldarstellungen mit besonderer Berucksichtigung der Anwendungsgebiete ; |v ; 19 | |
| 852 | |a INST |b SAMOS |c MAG |e 20090406 |h 515 POL |p 005300029105 |q 005300029105 |t BK |v τ.1: |y 0 |z τ.1 | ||
| 853 | |a INST |b SAMOS |c MAG |h 515 POL | ||
| 901 | |a BIBL3-2009-1 | ||
| 909 | |a Σ |b 155857 | ||
| 970 | |a ΡΟΥΣΣΟΥ |b ΚΩΝΣΤΑΝΤΙΝΑ |z 2009/04/06 | ||